000 00455nam a2200181Ia 4500
001 8368
005 20260306160604.0
008 260306t2007||||xx |||||||||||||| ||spa||
041 _aESP
082 _a370.7
_bL12
100 _aSverdlick , Ingrid (Comp.)
_eAUT
245 0 _aLa investigacíon educativa:
_buna herramienta de conocimiento y de acción
260 _c2007
300 _a
_c
650 _aGEN
654 _aCED
942 _cLIB
_dJUS
_fJUS
_2ddc
_n
999 _c8368
_d8368